Responses for Show #7190 - Friday, December 11, 2015

WE ASKED: Kevin O'Leary. [NOTE: Feature never placed online.]

Contestants

[<< previous game]

Brandon Haschke, an inside sales engineer originally from Sioux Falls, South Dakota

Katie Price, a paraprofessional from Peabody, Massachusetts

Alex Maggio, a writer originally from Cincinnati, Ohio (whose 3-day cash winnings total $63,401)

[next game >>]

Jeopardy! Round responses

PRESIDENTIAL PARTY POLITICS
SPORTS LINGO
PUNS
NAME IN COMMON
FRUIT
COBBLERS
    $200 8
the Republican Party

Alex
    $200 6
parry

Alex
    $200 4
(Alex Maggio: What is meaningless?)

pointless

AlexBrandon
    $200 19
Gustav

Alex
    $200 24
a pear

Alex
    $200 9
Haan

Brandon
    $400 7
the Democratic Party

Alex
    $400 14
a set

Alex
    $400 15
(Alex Trebek: You're gonna love this one. What is "[*]"?)
[Groans]
(Alex Trebek: The category, remember, is PUNS. They don't have to be good puns.)
[Laughter]
(Alex Trebek: We'd better take a break. [*].)

poultry in motion

Triple Stumper
    $400 20
(Alex Maggio: What is William?)

Thomas

AlexKatie
    $400 25
a nectarine

Alex
    $400 10
(Alex Maggio: What is Prada?)
...
(Alex Trebek: [To Katie] I knew you'd come in on that clue. I had a feeling.)

Manolo Blahnik

AlexKatie
    $600 3
the Whigs

Brandon
    $600 5
a picket fence

Brandon
    $600 16
(Alex Trebek: Are you guys--are you guys making fun of our writing staff?)
(Katie: Yep.)

a mere cat

Triple Stumper
    $600 21
Jefferson

Alex
    $1,000 26
a kiwi

Alex
    $600 11
(Katie: What are Uggs?)

Wallabees

Katie
Triple Stumper
    $800 2
the Green Party

Alex
    $800 17
Sir Cumference

Brandon
    $800 22
(Katie: Who is Leonard?)
...
(Alex Trebek: Less than a minute now.)

James

Katie
Triple Stumper
    $800 27
(Brandon: What is a grape?)
[The end-of-round signal sounds.]

an apple

Brandon
Triple Stumper
    $800 12
Jimmy Choo

Triple Stumper
    $1000 1
(Brandon: Who are the Democratic Republicans?)

the Federalist Party

AlexBrandon
    $1000 18
(Alex Maggio: What is alpaca's end?)
...
(Alex Trebek: What is [*]? Apocalypse/[*]?)
(Katie: Okay.)
(Alex Trebek: Yep.)
(Brandon: That's rough.)
(Katie: Okay.)
(Alex Trebek: That's right. Aren't you glad we're done with that category?)
(Katie: Yep.)

alpaca lips

Alex
Triple Stumper
    $1000 23
Dalton

Triple Stumper
    $1000 13
Vibram

Brandon

Scores at the first commercial break (after clue 15):

Alex Katie Brandon
$2,400 -$200 $1,600

Scores at the end of the Jeopardy! Round:

Alex Katie Brandon
$3,400 -$600 $1,600

Double Jeopardy! Round responses

MEDIEVAL JOB MART
THE SPIN-OFF SOURCE
THE SOUTHERN HEMISPHERE
WE'LL ALWAYS HAVE PARASITES
A 3-D CATEGORY
(Alex Trebek: Because each correct response will have three of the letter "D"s in them.)
SHAKESPEARE'S WOMEN SPEAK
(Alex Trebek: You have to name the character for us.)
    $400 5
a moat

Brandon
    $400 1
Friends

Brandon
    $400 16
Cape Town

Alex
    $400 2
dividends

Katie
    $400 11
Juliet

Alex
    $800 6
a scullery maid

Katie
    $800 3
The Daily Show (with Jon Stewart)

Katie
    $800 17
(Alex Maggio: What is Borneo?)
(Brandon: What is Jakarta?)

Java

AlexKatieBrandon
    $800 19
(Alex Maggio: What is... threadats--for threaded--)
(Alex Trebek: [Chuckles] No.)

deadhead

AlexKatie
    $800 12
Lady Macbeth

Katie
    $1200 8
(Alex Maggio: What is sommelier?)

butler

Alex
Triple Stumper
    $1200 4
Grey's Anatomy

Alex
    $1200 23
Tasmania

Alex
    $1200 20
a paddle board

Brandon
    $1,000 13
Desdemona

Katie
    $3,000 9
(Brandon: What is a barber?)

a page (boy)

Brandon
    $1600 7
16 and Pregnant

Brandon
    $1600 24
(Brandon: What is Benin?)

Angola

Brandon
Triple Stumper
    $1600 27
[The end-of-round signal sounds.]

a tsetse

Katie
    $1600 21
(Alex Maggio: What is downtreaded--trodden--treaded?)
(Alex Trebek: No. Anybody else? Alex, we cut you a lot of slack on Jeopardy! but we do not usually allow our contestants to give three variations of [*].)
(Alex Maggio: Fair enough.)

downtrodden

Alex
Triple Stumper
    $1600 14
(Alex Maggio: [Sighs] Who is Titania?)

Cordelia (in King Lear)

AlexKatie
    $2000 10
crossbows

Katie
    $2000 18
(Alex Maggio: What is Boston Public?)

The Practice

AlexKatie
    $2000 25
Paraguay

Alex
    $2000 26
(Alex Maggio: What is meningitis?)

encephalitis

AlexBrandon
    $2000 22
(Alex Trebek: Right you are, less than a minute now.)

"Daddy"

Katie
    $2000 15
Ophelia

Alex

Scores at the end of the Double Jeopardy! Round:

Alex Katie Brandon
$600 $14,000 $1,800
(lock game)

[wagering suggestions for these scores]

Final Jeopardy! Round responses

HISTORIC NAMES
(Alex Trebek: Both very popular individuals.)
...
(Alex Trebek: [To Alex Maggio] [*], yes, Pope John XXIII died in June. President John F. Kennedy in November.)
AlexWhat is 1963?
$598
BrandonWhat is 1963??
$200
KatieWhat is 1961?
$1,000
1963

Final scores:

Alex Katie Brandon
$1,198 $13,000 $2,000
3rd place: $1,000 New champion: $13,000 2nd place: $2,000

Game dynamics:

Coryat scores:

Alex Katie Brandon
$200 $14,200 $4,800
17 R
(including 1 DD),
11 W
14 R
(including 1 DD),
2 W
11 R,
5 W
(including 1 DD)

Combined Coryat: $19,200

[game clues] [game scores] [suggest correction]

Game tape date: 2015-10-20
The J! Archive is created by fans, for fans. Scraping, republication, monetization, and malicious use prohibited; this site may use cookies and collect identifying information. See terms. The Jeopardy! game show and all elements thereof, including but not limited to copyright and trademark thereto, are the property of Jeopardy Productions, Inc. and are protected under law. This website is not affiliated with, sponsored by, or operated by Jeopardy Productions, Inc. Join the discussion at JBoard.tv.